Del suelo al cielo (ida y regreso) / (Registro nro. 26000)

Detalles MARC
000 -LEADER
fixed length control field 00739cam a2200241 a 4500
005 - DATE AND TIME OF LATEST TRANSACTION
control field 20250331191046.0
007 - PHYSICAL DESCRIPTION FIXED FIELD--GENERAL INFORMATION
fixed length control field ta
008 - FIXED-LENGTH DATA ELEMENTS--GENERAL INFORMATION
fixed length control field 030224s2003 ck a gr 000 0 spa
015 ## - NATIONAL BIBLIOGRAPHY NUMBER
National bibliography number ck-2003-xxxx
020 ## - INTERNATIONAL STANDARD BOOK NUMBER
International Standard Book Number 9583342726
040 ## - CATALOGING SOURCE
Original cataloging agency CO-CtgCURN
Language of cataloging spa
Transcribing agency coctgcurn
041 0# - LANGUAGE CODE
Language code of text/sound track or separate title spa
043 ## - GEOGRAPHIC AREA CODE
Geographic area code s-ck---
082 04 - DEWEY DECIMAL CLASSIFICATION NUMBER
Classification number 904.5
Item number W667
Edition information 20
100 1# - MAIN ENTRY--PERSONAL NAME
Personal name Wilches-Chaux, Gustavo,
Dates associated with a name 1954-
245 10 - TITLE STATEMENT
Title Del suelo al cielo (ida y regreso) /
Statement of responsibility, etc. Gustavo Wilches-Chaux.
260 ## - PUBLICATION, DISTRIBUTION, ETC.
Place of publication, distribution, etc. Bogotá :
Name of publisher, distributor, etc. DGPAD,
Date of publication, distribution, etc. 2003.
300 ## - PHYSICAL DESCRIPTION
Extent 172 p. :
Other physical details il. ;
Dimensions 24 cm.
650 14 - SUBJECT ADDED ENTRY--TOPICAL TERM
Topical term or geographic name entry element Desastres naturales
General subdivision Prevención.
650 14 - SUBJECT ADDED ENTRY--TOPICAL TERM
Topical term or geographic name entry element Educación ambiental.
942 ## - ADDED ENTRY ELEMENTS (KOHA)
Source of classification or shelving scheme Dewey Decimal Classification
Koha item type Libros
Classification part 904.5
Item part W667
Existencias
Withdrawn status Lost status Source of classification or shelving scheme Damaged status Not for loan Collection Home library Current library Shelving location Date acquired Inventory number Total checkouts Full call number Barcode Date last seen Copy number Price effective from Koha item type Public note
    Dewey Decimal Classification     General Miguel Henríquez Castañeda Miguel Henríquez Castañeda General 03/21/2018 017983   904.5 W667 017983 03/21/2018 ej.1 03/21/2018 Libros 900-GEO&HI